[Event "La Fere op 5th"]
[Site "La Fere"]
[Date "2006.07.13"]
[Round "8"]
[White "Delmotte, Eric"]
[Black "Manet, Eric"]
[Result "1-0"]
[WhiteElo "1861"]
[BlackElo "1999"]
[PlyCount "109"]
[EventDate "2006.07.08"]
[EventType "swiss"]
[EventRounds "9"]
[EventCountry "FRA"]
[SourceTitle "CBM 113 Extra"]
[Source "ChessBase"]
[SourceDate "2006.09.14"]
[SourceVersion "1"]
[SourceVersionDate "2006.09.14"]
[SourceQuality "1"]

1. d4 Nf6 2. Nc3 g6 3. e4 d6 4. Be3 Bg7 5. f3 0-0 6. Qd2 Nc6 7. 0-0-0 a6 8. Bh6 e5 9. d5 Ne7 10. h4 Bxh6 11. Qxh6 Kh8 12. g4 Neg8 13. Qe3 Nd7 14. h5 g5 15. Nge2 h6 16. Ng3 Nc5 17. Nf5 Kh7 18. Rd2 b6 19. Nd1 Bd7 20. Qc3 Na4 21. Qa3 Qb8 22. Nc3 Nxc3 23. Qxc3 b5 24. Ng3 Qb6 25. Bg2 b4 26. Qb3 a5 27. Re1 Rfb8 28. Qe3 Qb7 29. Kb1 Ne7 30. Ne2 Qb6 31. Nc1 Nc8 32. Bf1 Qb7 33. Bd3 Na7 34. Ne2 Qa6 35. Ng1 Qb7 36. Nh3 Qb6 37. Nxg5+ hxg5 38. Qxg5 Rg8 39. Qe7 Bxg4 40. fxg4 Rxg4 41. Qxf7+ Rg7 42. Qf5+ Kh6 43. Qf6+ Kh7 44. h6 Rgg8 45. Qf7+ Kh8 46. h7 Rg7 47. Qf6 Qb8 48. Rf1 Qf8 49. Qf5 Rxh7 50. Rg2 Qe7 51. Rf3 Rh1+ 52. Bf1 Qh4 53. Rfg3 Nb5 54. Qf7 Qh6 55. Rg8+ 1-0

[Event "La Fere op 5th"]
[Site "La Fere"]
[Date "2006.07.11"]
[Round "5"]
[White "Marchal, Roger"]
[Black "Delmotte, Eric"]
[Result "1/2-1/2"]
[WhiteElo "1686"]
[BlackElo "1861"]
[PlyCount "104"]
[EventDate "2006.07.08"]
[EventType "swiss"]
[EventRounds "9"]
[EventCountry "FRA"]
[SourceTitle "CBM 113 Extra"]
[Source "ChessBase"]
[SourceDate "2006.09.14"]
[SourceVersion "1"]
[SourceVersionDate "2006.09.14"]
[SourceQuality "1"]

1. c4 b6 2. Nf3 Bb7 3. g3 Nf6 4. Bg2 e6 5. 0-0 c5 6. Nc3 d5 7. cxd5 Nxd5 8. d4 Nxc3 9. bxc3 Nd7 10. Nd2 Bxg2 11. Kxg2 Nf6 12. Qa4+ Qd7 13. Qxd7+ Nxd7 14. Ne4 Rc8 15. Bf4 f5 16. Nd6+ Bxd6 17. Bxd6 cxd4 18. cxd4 Rc6 19. Bf4 Ke7 20. Rfc1 Rhc8 21. Rxc6 Rxc6 22. Rc1 Rxc1 23. Bxc1 Kd6 24. Kf3 Kd5 25. Bb2 Nf6 26. h3 Ne4 27. g4 fxg4+ 28. hxg4 g6 29. Ke3 h5 30. f3 Nd6 31. Kf4 Nf7 32. e4+ Kc4 33. gxh5 gxh5 34. Kg3 Kd3 35. d5 exd5 36. exd5 Kc4 37. Kh4 Kxd5 38. Kxh5 Ke6 39. Kg4 Nd6 40. f4 Nf5 41. Kg5 b5 42. Kg4 a5 43. Kg5 Ne3 44. Bd4 Nd5 45. f5+ Kf7 46. a3 Ne7 47. Kf4 Nc6 48. Ke4 a4 49. Kd5 Nxd4 50. Kxd4 Kf6 51. Kc5 Kxf5 52. Kxb5 Ke6 1/2-1/2

[Event "La Fere op 5th"]
[Site "La Fere"]
[Date "2006.07.10"]
[Round "4"]
[White "Delmotte, Eric"]
[Black "Bessat, Remy"]
[Result "0-1"]
[WhiteElo "1861"]
[BlackElo "1974"]
[PlyCount "72"]
[EventDate "2006.07.08"]
[EventType "swiss"]
[EventRounds "9"]
[EventCountry "FRA"]
[SourceTitle "CBM 113 Extra"]
[Source "ChessBase"]
[SourceDate "2006.09.14"]
[SourceVersion "1"]
[SourceVersionDate "2006.09.14"]
[SourceQuality "1"]

1. d4 Nf6 2. c4 c5 3. d5 b5 4. cxb5 a6 5. bxa6 Bxa6 6. Nc3 g6 7. e4 Bxf1 8. Kxf1 d6 9. g4 Bg7 10. Kg2 0-0 11. g5 Nh5 12. Nge2 f5 13. Ng3 f4 14. Nxh5 f3+ 15. Kg1 gxh5 16. h4 Qd7 17. Kf1 Qg4 18. Rg1 Qh3+ 19. Ke1 Nd7 20. g6 Qxh4 21. gxh7+ Kxh7 22. e5 Nxe5 23. Qc2+ Kh8 24. Ne4 c4 25. Ng5 Nd3+ 26. Kd1 Nxf2+ 27. Kd2 Qd4+ 28. Ke1 Nd3+ 29. Kf1 Qxd5 30. Qh2 Nf4 31. Bxf4 Qd3+ 32. Ke1 Rxf4 33. Qxh5+ Kg8 34. Qh2 f2+ 35. Qxf2 Rxf2 36. Kxf2 Bd4+ 0-1

[Event "La Fere op 5th"]
[Site "La Fere"]
[Date "2006.07.09"]
[Round "2"]
[White "Delmotte, Eric"]
[Black "Deneuville, Ludovic"]
[Result "1-0"]
[WhiteElo "1861"]
[BlackElo "2009"]
[PlyCount "55"]
[EventDate "2006.07.08"]
[EventType "swiss"]
[EventRounds "9"]
[EventCountry "FRA"]
[SourceTitle "CBM 113 Extra"]
[Source "ChessBase"]
[SourceDate "2006.09.14"]
[SourceVersion "1"]
[SourceVersionDate "2006.09.14"]
[SourceQuality "1"]

1. d4 Nf6 2. Nf3 d5 3. c4 c6 4. Nc3 e6 5. e3 Bd6 6. Qc2 Nbd7 7. a3 0-0 8. Bd3 dxc4 9. Bxc4 e5 10. 0-0 Qc7 11. dxe5 Nxe5 12. Nxe5 Bxe5 13. f4 Bd6 14. b4 b5 15. Ba2 Qb6 16. Kh1 Re8 17. Bd2 Be6 18. Bxe6 Rxe6 19. e4 Bc7 20. e5 Ng4 21. Ne4 Rh6 22. h3 Ne3 23. Bxe3 Qxe3 24. Rf3 Qb6 25. Rd1 Rd8 26. Rfd3 Re6 27. Ng5 Rxd3 28. Qxd3 1-0

[Event "Bethune op-B 24th"]
[Site "Bethune"]
[Date "2003.12.27"]
[Round "2"]
[White "Boulenguer, Sylvain"]
[Black "Delmotte, Eric"]
[Result "1-0"]
[WhiteElo "1500"]
[BlackElo "1630"]
[PlyCount "53"]
[EventDate "2003.12.26"]
[EventType "swiss"]
[EventRounds "9"]
[EventCountry "FRA"]
[SourceTitle "EXT 2005"]
[Source "ChessBase"]
[SourceDate "2004.11.15"]
[SourceVersion "1"]
[SourceVersionDate "2004.11.15"]
[SourceQuality "1"]

1. d4 Nf6 2. c4 c5 3. e3 e6 4. Nf3 b5 5. cxb5 a6 6. bxa6 Bxa6 7. Bxa6 Qa5+ 8. Bd2 Qxa6 9. Nc3 d5 10. Qb3 Nbd7 11. Qb5 Bd6 12. Qxa6 Rxa6 13. 0-0 0-0 14. Rfc1 c4 15. Re1 Rb8 16. Rab1 Bb4 17. a3 Bxc3 18. Bxc3 Ne4 19. Bb4 Rab6 20. Re2 c3 21. Rc1 cxb2 22. Rxb2 h6 23. Rc7 R6b7 24. Rxb7 Rxb7 25. h3 Nb6 26. Bc5 Nf6 27. Rxb6 1-0

[Event "Bethune op-B 24th"]
[Site "Bethune"]
[Date "2003.12.26"]
[Round "1"]
[White "Delmotte, Eric"]
[Black "Christophe, Jean Luc"]
[Result "1-0"]
[WhiteElo "1630"]
[BlackElo "1510"]
[PlyCount "59"]
[EventDate "2003.12.26"]
[EventType "swiss"]
[EventRounds "9"]
[EventCountry "FRA"]
[SourceTitle "EXT 2005"]
[Source "ChessBase"]
[SourceDate "2004.11.15"]
[SourceVersion "1"]
[SourceVersionDate "2004.11.15"]
[SourceQuality "1"]

1. e4 e5 2. Nf3 Nc6 3. Bc4 h6 4. Nc3 Nf6 5. d3 d6 6. Qe2 Be7 7. Be3 Bg4 8. h3 Bd7 9. g4 Nh7 10. Nd5 Na5 11. Bb3 Nxb3 12. axb3 f6 13. Nh4 Nf8 14. Nf5 Bxf5 15. gxf5 c6 16. Qh5+ Kd7 17. Nxe7 Qxe7 18. Rxa7 Rxa7 19. Bxa7 Kc7 20. Be3 Nd7 21. Rg1 Rh7 22. Kd2 d5 23. c3 dxe4 24. dxe4 b6 25. Ra1 Kb7 26. Qe2 Qd6+ 27. Kc2 Nb8 28. Qc4 c5 29. Qf7+ Qc7 30. Ra7+ 1-0